[Event "Cambridge op 2nd"]
[Site "Cambridge"]
[Date "2024.02.20"]
[Round "3"]
[White "Spanton, Timothy"]
[Black "Reynolds, D Ian W"]
[Result "1/2-1/2"]
[WhiteElo "1766"]
[BlackElo "1951"]
[PlyCount "124"]
[EventDate "2024.02.19"]
[EventType "swiss"]
[EventRounds "9"]
[EventCountry "ENG"]
[SourceTitle "CB09_2024"]
[SourceDate "2024.02.28"]
[SourceVersion "1"]
[SourceVersionDate "2024.02.28"]
[SourceQuality "1"]

1. d4 Nf6 2. c4 e6 3. Nc3 Bb4 4. Bd2 0-0 5. Nf3 d5 6. e3 b6 7. Rc1 Bb7 8. Bd3 Nbd7 9. cxd5 exd5 10. 0-0 Rc8 11. Nb5 Bxd2 12. Qxd2 a6 13. Na7 Ra8 14. Nc6 Qe8 15. Qb4 Bxc6 16. Rxc6 Nc5 17. Rxc5 bxc5 18. Qxc5 Qd7 19. Rc1 a5 20. Bb5 Qd6 21. Qc2 g6 22. Ne5 Rab8 23. Ba4 c5 24. Nc6 c4 25. Nxb8 Rxb8 26. b3 Qa3 27. h3 Kg7 28. f3 Rc8 29. Bb5 Rb8 30. Ba4 Rc8 31. Qd2 cxb3 32. Rxc8 bxa2 33. Rc1 a1Q 34. Rxa1 Qxa1+ 35. Qd1 Qxd1+ 36. Bxd1 Nd7 37. Kf2 Nb6 38. Ke2 Kf6 39. Kd3 Ke6 40. e4 f6 41. Bb3 Kd6 42. Kc3 g5 43. Ba2 h6 44. Kd3 Ke6 45. g4 Kd6 46. Bb3 Ke6 47. exd5+ Kd6 48. Ke4 a4 49. Ba2 a3 50. Kf5 Nxd5 51. Bb3 Nf4 52. Kxf6 Nxh3 53. Kg6 Ng1 54. Kxh6 Nxf3 55. Ba2 Nxd4 56. Kxg5 Ke7 57. Kg6 Kf8 58. Kf6 Nc2 59. Bb1 Nb4 60. g5 a2 61. Bxa2 Nxa2 62. g6 Nb4 1/2-1/2

[Event "Cambridge op 2nd"]
[Site "Cambridge"]
[Date "2024.02.19"]
[Round "1"]
[White "Bowers, Francis J"]
[Black "Reynolds, D Ian W"]
[Result "0-1"]
[WhiteElo "1732"]
[BlackElo "1951"]
[PlyCount "138"]
[EventDate "2024.02.19"]
[EventType "swiss"]
[EventRounds "9"]
[EventCountry "ENG"]
[SourceTitle "CB09_2024"]
[SourceDate "2024.02.28"]
[SourceVersion "1"]
[SourceVersionDate "2024.02.28"]
[SourceQuality "1"]

1. e4 e5 2. Nf3 Nc6 3. d4 exd4 4. Bc4 Bc5 5. c3 Nf6 6. e5 d5 7. exf6 dxc4 8. cxd4 Bb4+ 9. Nc3 Qxf6 10. 0-0 Bxc3 11. bxc3 0-0 12. Re1 Bg4 13. h3 Bxf3 14. Qxf3 Qxf3 15. gxf3 Rfe8 16. Bf4 Ne7 17. Re5 c6 18. Rae1 Kf8 19. Rc5 Rad8 20. Rxc4 Nd5 21. Rxe8+ Kxe8 22. Bd2 Kd7 23. Ra4 a6 24. c4 Ne7 25. Be3 Kc8 26. Ra3 Nf5 27. Rd3 Nh4 28. f4 Nf5 29. Kf1 Nd6 30. Rc3 Ne4 31. Rd3 f5 32. Bc1 b5 33. cxb5 axb5 34. f3 Nf6 35. Ba3 Nd5 36. Bc1 Kb7 37. Kf2 Ra8 38. a3 Ra4 39. Kg3 Kc7 40. Kh4 Kd7 41. Kg5 Ke6 42. Rd1 g6 43. Bb2 Rc4 44. Re1+ Kf7 45. Re2 Kg7 46. a4 h6+ 47. Kh4 Rxa4 48. Re6 Rc4 49. Rd6 Kf7 50. Rd7+ Ke6 51. Rh7 Kf6 52. Rxh6 Rc2 53. Ba3 Kg7 54. Bf8+ Kxf8 55. Rxg6 Kf7 56. Rh6 b4 57. Kg5 Ne7 58. Rf6+ Ke8 59. h4 Rg2+ 60. Kh5 b3 61. d5 cxd5 62. Rxf5 b2 63. Re5 b1Q 64. f5 Kf7 65. f4 Qd1+ 66. Kh6 Qg4 67. Rxe7+ Kxe7 68. f6+ Kxf6 69. h5 Qg7# 0-1

[Event "BCF-chT3 2224 (4NCL)"]
[Site "England"]
[Date "2023.11.12"]
[Round "2.16"]
[White "Van Kemenade, Julie"]
[Black "Reynolds, D Ian W"]
[Result "0-1"]
[WhiteElo "1683"]
[BlackElo "1913"]
[PlyCount "64"]
[EventDate "2023.11.11"]
[EventType "team-tourn"]
[EventRounds "11"]
[EventCountry "ENG"]
[SourceTitle "CB48_2023"]
[SourceDate "2023.11.29"]
[SourceVersion "1"]
[SourceVersionDate "2023.11.29"]
[SourceQuality "1"]
[WhiteTeam "Rhyfelwyr Essyllwg"]
[BlackTeam "Iceni"]
[WhiteTeamCountry "ENG"]
[BlackTeamCountry "ENG"]

1. e4 e5 2. Nf3 Nc6 3. Bb5 Nge7 4. 0-0 g6 5. c3 a6 6. Ba4 b5 7. Bb3 Bg7 8. d3 0-0 9. Re1 Na5 10. Bc2 c5 11. Nbd2 Nac6 12. Nf1 d6 13. Ne3 Kh8 14. Bb3 Na5 15. Bc2 f6 16. b4 cxb4 17. cxb4 Nac6 18. Bd2 d5 19. Bb3 Be6 20. Rc1 Rc8 21. Rc5 Bg8 22. Qc2 dxe4 23. dxe4 Nd4 24. Nxd4 Qxd4 25. Bc3 Rxc5 26. bxc5 Qxc5 27. Bxg8 Rxg8 28. Qb3 Nc6 29. Rd1 Nd4 30. Qb2 Qxc3 31. Qxc3 Ne2+ 32. Kf1 Nxc3 0-1

[Event "BCF-chT3 2224 (4NCL)"]
[Site "England"]
[Date "2023.11.11"]
[Round "1.46"]
[White "Reynolds, D Ian W"]
[Black "Tivillier, Jacques"]
[Result "1/2-1/2"]
[WhiteElo "1913"]
[BlackElo "1748"]
[PlyCount "61"]
[EventDate "2023.11.11"]
[EventType "team-tourn"]
[EventRounds "11"]
[EventCountry "ENG"]
[SourceTitle "CB48_2023"]
[SourceDate "2023.11.29"]
[SourceVersion "1"]
[SourceVersionDate "2023.11.29"]
[SourceQuality "1"]
[WhiteTeam "Iceni"]
[BlackTeam "Celtic Tigers II"]
[WhiteTeamCountry "ENG"]
[BlackTeamCountry "ENG"]

1. e4 c5 2. c3 d5 3. exd5 Qxd5 4. d4 Nf6 5. Nf3 e6 6. Be2 Nc6 7. 0-0 Be7 8. Na3 0-0 9. Nb5 Qd8 10. dxc5 Bxc5 11. Qxd8 Rxd8 12. b4 Be7 13. a3 Bd7 14. Bb2 a6 15. Nbd4 Nxd4 16. Nxd4 Rac8 17. c4 Ne4 18. c5 Nf6 19. Bf3 e5 20. Nc2 e4 21. Bd1 Nd5 22. Re1 f5 23. Ne3 Nf4 24. Bb3+ Kf8 25. Nd5 Nxd5 26. Bxd5 Bc6 27. Bxc6 Rxc6 28. Rad1 Rcc8 29. Kf1 g6 30. Ke2 Kf7 31. f3 1/2-1/2

[Event "BCF-chT4 2223 (4NCL)"]
[Site "England"]
[Date "2023.03.25"]
[Round "7.123"]
[White "Reynolds, D Ian W"]
[Black "Khunda, Deema"]
[Result "1-0"]
[WhiteElo "1919"]
[BlackElo "1350"]
[PlyCount "89"]
[EventDate "2022.11.05"]
[EventType "team-swiss"]
[EventRounds "11"]
[EventCountry "ENG"]
[SourceTitle "EXT 2024"]
[Source "ChessBase"]
[SourceDate "2023.10.10"]
[SourceVersion "1"]
[SourceVersionDate "2023.10.10"]
[SourceQuality "1"]
[WhiteTeam "Iceni II"]
[BlackTeam "She Plays To Win Uni"]
[WhiteTeamCountry "ENG"]
[BlackTeamCountry "ENG"]

1. e4 c5 2. c3 Nf6 3. e5 Nd5 4. Nf3 d6 5. d4 dxe5 6. dxe5 c4 7. Bxc4 e6 8. 0-0 Be7 9. Qe2 0-0 10. Rd1 Na6 11. Bxa6 bxa6 12. c4 Bb7 13. cxd5 exd5 14. Nc3 Qa5 15. Be3 Rfd8 16. Bd4 Qc7 17. Rac1 Rdc8 18. Nxd5 Qd7 19. Nxe7+ Qxe7 20. Rxc8+ Bxc8 21. Bc5 Qe8 22. Qd3 Be6 23. Ng5 g6 24. Nxe6 Qxe6 25. Qd8+ Qe8 26. Qxe8+ Rxe8 27. f4 Ra8 28. Rd7 Rc8 29. b4 a5 30. Rxa7 axb4 31. Bxb4 h5 32. Be7 Kh7 33. Bf6 Kg8 34. Rd7 Ra8 35. Rd8+ Rxd8 36. Bxd8 Kf8 37. Kf2 Ke8 38. Bf6 Kd7 39. Kg3 Kc6 40. Kh4 Kd5 41. Kg5 Ke4 42. g3 Kd5 43. Kh6 Kc5 44. Kg7 Kb4 45. Be7+ 1-0

[Event "BCF-chT3Sb 1920 (4NCL)"]
[Site "England"]
[Date "2020.02.08"]
[Round "5.63"]
[White "Burrows, Nick"]
[Black "Reynolds, D Ian W"]
[Result "1-0"]
[WhiteElo "2072"]
[BlackElo "2014"]
[PlyCount "93"]
[EventDate "2019.11.09"]
[EventType "team-tourn"]
[EventRounds "11"]
[EventCountry "ENG"]
[SourceTitle "EXT 2023"]
[Source "ChessBase"]
[SourceDate "2022.10.05"]
[SourceVersion "1"]
[SourceVersionDate "2022.10.05"]
[SourceQuality "1"]
[WhiteTeam "Oxford II"]
[BlackTeam "Iceni"]
[WhiteTeamCountry "ENG"]
[BlackTeamCountry "ENG"]

1. c4 Nf6 2. Nc3 g6 3. d4 Bg7 4. e4 d6 5. f4 c5 6. d5 0-0 7. Nf3 Nfd7 8. Bd3 e5 9. dxe6 fxe6 10. 0-0 Nc6 11. Qe1 a6 12. Kh1 Rb8 13. Ng5 Nd4 14. Be3 Qe7 15. Qh4 h6 16. Nf3 Rf7 17. Qg3 Nxf3 18. Rxf3 Bxc3 19. bxc3 Rg7 20. Qh3 e5 21. Qxh6 Nf6 22. fxe5 Qxe5 23. Raf1 Nh7 24. Bf4 Qe7 25. e5 dxe5 26. Re3 Bf5 27. Rxe5 Qf8 28. Bxf5 gxf5 29. Qe6+ Qf7 30. Qxf5 Qxc4 31. Qe6+ Qxe6 32. Rxe6 Rf8 33. Kg1 Rgf7 34. Rg6+ Rg7 35. Rxg7+ Kxg7 36. Be5+ Kg6 37. Rxf8 Nxf8 38. Kf2 Nd7 39. Bd6 c4 40. Kf3 Nf6 41. Be5 Nd7 42. Bd4 Nf8 43. g4 Ne6 44. Be3 b5 45. h4 a5 46. a3 Nd8 47. Ke4 1-0

[Event "BCF-chT3S 1819 (4NCL) Promotion pool"]
[Site "England"]
[Date "2019.05.06"]
[Round "11.41"]
[White "Brown, Thomas"]
[Black "Reynolds, D Ian W"]
[Result "1-0"]
[WhiteElo "2079"]
[BlackElo "2017"]
[PlyCount "83"]
[EventDate "2019.04.14"]
[EventType "team-tourn"]
[EventRounds "11"]
[EventCountry "ENG"]
[SourceTitle "EXT 2021"]
[Source "ChessBase"]
[SourceDate "2020.10.23"]
[SourceVersion "1"]
[SourceVersionDate "2020.10.23"]
[SourceQuality "1"]
[WhiteTeam "Rhyfelwyr Essyllwg"]
[BlackTeam "Iceni"]
[WhiteTeamCountry "WLS"]
[BlackTeamCountry "ENG"]

1. d4 Nf6 2. c4 e6 3. Nc3 Bb4 4. e3 c5 5. Nf3 0-0 6. Bd3 d5 7. cxd5 exd5 8. 0-0 Nc6 9. dxc5 Bxc5 10. a3 a5 11. Qc2 Qe7 12. e4 dxe4 13. Nxe4 Nxe4 14. Bxe4 Nd4 15. Nxd4 Bxd4 16. Bxh7+ Kh8 17. Bd3 Bg4 18. Bd2 Qf6 19. Bc3 Bxc3 20. bxc3 Rac8 21. c4 Qd4 22. Rab1 Rfd8 23. Be2 Bxe2 24. Qxe2 b6 25. Rfd1 Qc5 26. Rxd8+ Rxd8 27. g3 Rc8 28. Qf3 Kg8 29. Rb5 Qxc4 30. Rxb6 a4 31. Rb4 Qc2 32. Qg4 f5 33. Qf3 Rc3 34. Qa8+ Kh7 35. Rxa4 Rc8 36. Rh4+ Kg6 37. Qf3 Rc3 38. Qh5+ Kf6 39. Rb4 Rc6 40. Qf3 Ra6 41. Rb3 Rd6 42. Qc3+ 1-0

[Event "BCF-chT3S 1819 (4NCL) Promotion pool"]
[Site "England"]
[Date "2019.05.04"]
[Round "9.41"]
[White "Scott, David A"]
[Black "Reynolds, D Ian W"]
[Result "1/2-1/2"]
[WhiteElo "2156"]
[BlackElo "2017"]
[PlyCount "60"]
[EventDate "2019.04.14"]
[EventType "team-tourn"]
[EventRounds "11"]
[EventCountry "ENG"]
[SourceTitle "EXT 2021"]
[Source "ChessBase"]
[SourceDate "2020.10.23"]
[SourceVersion "1"]
[SourceVersionDate "2020.10.23"]
[SourceQuality "1"]
[WhiteTeam "Surbiton"]
[BlackTeam "Iceni"]
[WhiteTeamCountry "ENG"]
[BlackTeamCountry "ENG"]

1. d4 Nf6 2. c4 e6 3. Nf3 b6 4. g3 Ba6 5. Nbd2 Bb7 6. Bg2 Ne4 7. 0-0 f5 8. Ne5 Nc6 9. Nxe4 Nxe5 10. Nf6+ gxf6 11. Bxb7 Rb8 12. dxe5 Rxb7 13. e4 Qe7 14. exf5 fxe5 15. Qf3 Rb8 16. f6 Qf7 17. Kg2 h5 18. Re1 d6 19. Bg5 Bh6 20. h4 Bxg5 21. hxg5 Rg8 22. Qc6+ Kd8 23. f4 exf4 24. gxf4 Qxf6 25. Qe4 e5 26. Qh7 Rg7 27. Qxh5 Ke7 28. Qg4 Qg6 29. fxe5 Qxg5 30. exd6+ Kxd6 1/2-1/2

[Event "BCF-chT3Sa 1819 (4NCL)"]
[Site "England"]
[Date "2019.04.13"]
[Round "7.11"]
[White "Reynolds, D Ian W"]
[Black "Tukpetov, Evgeny"]
[Result "1/2-1/2"]
[WhiteElo "2017"]
[BlackElo "2179"]
[PlyCount "25"]
[EventDate "2018.11.17"]
[EventType "team-tourn"]
[EventRounds "7"]
[EventCountry "ENG"]
[SourceTitle "EXT 2021"]
[Source "ChessBase"]
[SourceDate "2020.10.23"]
[SourceVersion "1"]
[SourceVersionDate "2020.10.23"]
[SourceQuality "1"]
[WhiteTeam "Iceni"]
[BlackTeam "Kings Head"]
[WhiteTeamCountry "ENG"]
[BlackTeamCountry "ENG"]

1. e4 Nc6 2. Nf3 d6 3. d4 Nf6 4. Nc3 Bg4 5. Be3 e6 6. Be2 d5 7. exd5 Nxd5 8. Nxd5 exd5 9. Ne5 Nxe5 10. Bxg4 Nxg4 11. Qxg4 Qd7 12. Qxd7+ Kxd7 13. Bf4 1/2-1/2

[Event "Wch Seniors 65 28th"]
[Site "Bled"]
[Date "2018.11.28"]
[Round "10"]
[White "Reynolds, D Ian W"]
[Black "Iudicello, Giovanni"]
[Result "1/2-1/2"]
[WhiteElo "1969"]
[BlackElo "2138"]
[PlyCount "82"]
[EventDate "2018.11.18"]
[EventType "swiss"]
[EventRounds "11"]
[EventCountry "SLO"]
[SourceTitle "CBM 187 Extra"]
[Source "ChessBase"]
[SourceDate "2018.11.04"]
[SourceVersion "1"]
[SourceVersionDate "2018.11.04"]
[SourceQuality "1"]

1. e4 e5 2. Nf3 Nc6 3. d4 exd4 4. Nxd4 Bc5 5. Be3 Qf6 6. c3 Nge7 7. Qf3 Qxf3 8. gxf3 Bb6 9. Bh3 d6 10. Bxc8 Rxc8 11. Nd2 Nxd4 12. Bxd4 f6 13. Ke2 Nc6 14. Bxb6 axb6 15. f4 g6 16. f3 Kf7 17. Rhg1 Rce8 18. Kd3 b5 19. a4 b4 20. cxb4 Nxb4+ 21. Kc3 Na6 22. b4 Rc8 23. Nb3 c6 24. Rgd1 Ke7 25. Na5 Rb8 26. Nc4 Rhd8 27. Nb6 Nc7 28. Re1 Kf7 29. a5 Ne6 30. a6 bxa6 31. Rxa6 Rb7 32. Rea1 Ke7 33. Nc4 Rc7 34. Rb6 Nxf4 35. Raa6 d5 36. Na5 dxe4 37. Nxc6+ Ke8 38. fxe4 f5 39. Kb3 Rd3+ 40. Ka4 Kf8 41. exf5 gxf5 1/2-1/2

[Event "Wch Seniors 65 28th"]
[Site "Bled"]
[Date "2018.11.27"]
[Round "9"]
[White "Raikin, Leonid"]
[Black "Reynolds, D Ian W"]
[Result "1/2-1/2"]
[WhiteElo "2144"]
[BlackElo "1969"]
[PlyCount "53"]
[EventDate "2018.11.18"]
[EventType "swiss"]
[EventRounds "11"]
[EventCountry "SLO"]
[SourceTitle "CBM 187 Extra"]
[Source "ChessBase"]
[SourceDate "2018.11.04"]
[SourceVersion "1"]
[SourceVersionDate "2018.11.04"]
[SourceQuality "1"]

1. d4 Nf6 2. c4 e6 3. Nf3 Bb4+ 4. Bd2 Bxd2+ 5. Qxd2 b6 6. g3 Bb7 7. Bg2 0-0 8. Nc3 Ne4 9. Qc2 Nxc3 10. Qxc3 d6 11. 0-0 Nd7 12. Rfd1 Qe7 13. Rac1 a5 14. h4 h6 15. Qc2 Rad8 16. Ne1 Bxg2 17. Nxg2 f5 18. Nf4 Qf7 19. d5 Nc5 20. Nxe6 Nxe6 21. dxe6 Qxe6 22. e3 Rde8 23. Qd3 Qe4 24. Qxe4 Rxe4 25. Rd5 g5 26. hxg5 hxg5 27. Kg2 1/2-1/2

[Event "Wch Seniors 65 28th"]
[Site "Bled"]
[Date "2018.11.26"]
[Round "8"]
[White "Reynolds, D Ian W"]
[Black "Vinke, Dietmar"]
[Result "1/2-1/2"]
[WhiteElo "1969"]
[BlackElo "2163"]
[PlyCount "20"]
[EventDate "2018.11.18"]
[EventType "swiss"]
[EventRounds "11"]
[EventCountry "SLO"]
[SourceTitle "CBM 187 Extra"]
[Source "ChessBase"]
[SourceDate "2018.11.04"]
[SourceVersion "1"]
[SourceVersionDate "2018.11.04"]
[SourceQuality "1"]

1. e4 c6 2. d4 d5 3. Nc3 g6 4. Nf3 Bg7 5. e5 f6 6. Bf4 Nh6 7. Bd3 Nf7 8. Qe2 e6 9. 0-0-0 Nd7 10. Kb1 fxe5 1/2-1/2

[Event "Wch Seniors 65 28th"]
[Site "Bled"]
[Date "2018.11.21"]
[Round "4"]
[White "Reynolds, D Ian W"]
[Black "Praznik, Anton"]
[Result "1/2-1/2"]
[WhiteElo "1969"]
[BlackElo "2104"]
[PlyCount "84"]
[EventDate "2018.11.18"]
[EventType "swiss"]
[EventRounds "11"]
[EventCountry "SLO"]
[SourceTitle "CBM 187 Extra"]
[Source "ChessBase"]
[SourceDate "2018.11.04"]
[SourceVersion "1"]
[SourceVersionDate "2018.11.04"]
[SourceQuality "1"]

1. e4 d6 2. Nc3 g6 3. f4 Bg7 4. Nf3 c5 5. Bb5+ Bd7 6. Bxd7+ Qxd7 7. 0-0 Nc6 8. d3 e6 9. Be3 Nge7 10. d4 cxd4 11. Nxd4 0-0 12. Nce2 f5 13. Qd3 Rad8 14. c3 Kh8 15. Rad1 a6 16. Nxc6 Qxc6 17. Nd4 Qc8 18. exf5 gxf5 19. Nf3 e5 20. Qe2 Qe6 21. Bb6 Rc8 22. a3 h6 23. Bd4 Ng6 24. g3 Rfe8 25. Rde1 Qd5 26. Bf2 Qf7 27. Qd2 Rcd8 28. Qc2 exf4 29. Nd4 fxg3 30. hxg3 Ne5 31. Be3 Qg6 32. Bf4 Qg4 33. Qh2 h5 34. Qh4 Qxh4 35. gxh4 Bf6 36. Bxe5 Bxe5 37. Nxf5 Rg8+ 38. Kf2 Rdf8 39. Ke3 Rg2 40. Re2 Rg4 41. Rf3 Kh7 42. Ref2 Rf6 1/2-1/2

[Event "Wch Seniors 65 28th"]
[Site "Bled"]
[Date "2018.11.20"]
[Round "3"]
[White "Florjancic, Rudolf"]
[Black "Reynolds, D Ian W"]
[Result "0-1"]
[WhiteElo "1761"]
[BlackElo "1969"]
[PlyCount "84"]
[EventDate "2018.11.18"]
[EventType "swiss"]
[EventRounds "11"]
[EventCountry "SLO"]
[SourceTitle "CBM 187 Extra"]
[Source "ChessBase"]
[SourceDate "2018.11.04"]
[SourceVersion "1"]
[SourceVersionDate "2018.11.04"]
[SourceQuality "1"]

1. e4 e5 2. Nf3 Nc6 3. d4 exd4 4. Nxd4 Nf6 5. Nc3 Bb4 6. Nxc6 bxc6 7. Bd3 d5 8. 0-0 Bxc3 9. bxc3 dxe4 10. Bc4 Qd6 11. Qxd6 cxd6 12. Ba3 d5 13. Be2 Bg4 14. Ba6 Kd7 15. Bc5 Kc7 16. Rab1 Bc8 17. Be2 Nd7 18. Be3 f6 19. f3 Re8 20. fxe4 dxe4 21. Rfd1 Re6 22. Bc4 Rd6 23. Rd4 Rxd4 24. cxd4 Nb6 25. Bf4+ Kd8 26. Bb3 g5 27. Bd2 Ba6 28. Ba5 Kd7 29. Bf7 Rf8 30. Bh5 f5 31. Bb4 Rd8 32. Bc5 Ke6 33. Rb3 Bc4 34. Bxb6 axb6 35. Rxb6 Kd6 36. Rb7 Ra8 37. Rxh7 Rxa2 38. Be8 e3 39. h3 Ra1+ 40. Kh2 e2 41. Rd7+ Ke6 42. Rc7 e1Q 0-1

[Event "BCF-chT4S 1718 (4NCL)"]
[Site "England"]
[Date "2018.05.07"]
[Round "11.43"]
[White "Reynolds, D Ian W"]
[Black "Gregory, Keith D"]
[Result "0-1"]
[WhiteElo "2015"]
[BlackElo "1979"]
[PlyCount "98"]
[EventDate "2017.11.11"]
[EventType "team-swiss"]
[EventRounds "11"]
[EventCountry "ENG"]
[SourceTitle "EXT 2020"]
[Source "ChessBase"]
[SourceDate "2019.10.17"]
[SourceVersion "1"]
[SourceVersionDate "2019.10.17"]
[SourceQuality "1"]
[WhiteTeam "Iceni"]
[BlackTeam "Wessex II"]
[WhiteTeamCountry "ENG"]
[BlackTeamCountry "ENG"]

1. e4 d6 2. d4 Nf6 3. Nc3 Nbd7 4. Nf3 e5 5. Bc4 h6 6. 0-0 Be7 7. Qe2 c6 8. a3 0-0 9. h3 Re8 10. dxe5 dxe5 11. Ba2 Rf8 12. Rd1 Qc7 13. Be3 Nc5 14. Bxc5 Bxc5 15. Rd2 Qe7 16. Na4 Bd6 17. Rad1 Bc7 18. Qe3 Re8 19. Nh4 Kf8 20. g4 Nh5 21. Nf5 Bxf5 22. gxf5 Red8 23. Qc5 Nf6 24. Qxe7+ Kxe7 25. f3 b5 26. Nc3 Bb6+ 27. Kg2 Bd4 28. Rd3 a6 29. Re1 Nh5 30. Rdd1 Nf4+ 31. Kh2 g6 32. fxg6 fxg6 33. a4 Bf2 34. Rf1 Bd4 35. Rfe1 g5 36. Bb3 Rf8 37. axb5 axb5 38. Ra1 Kd6 39. Rxa8 Rxa8 40. Nd1 Ke7 41. c3 Bb6 42. Kg3 Rd8 43. Rh1 Ng6 44. Rh2 Kf6 45. Bc2 h5 46. Re2 Nf4 47. Rh2 Bg1 48. Rh1 Rd2 49. Rxg1 Ne2+ 0-1

[Event "Reykjavik op"]
[Site "Reykjavik"]
[Date "2018.03.13"]
[Round "8"]
[White "Kjartansson, Gudmundur"]
[Black "Reynolds, D Ian W"]
[Result "1-0"]
[WhiteElo "2432"]
[BlackElo "1999"]
[PlyCount "53"]
[EventDate "2018.03.06"]
[EventType "swiss"]
[EventRounds "9"]
[EventCountry "ISL"]
[SourceTitle "CBM 183 Extra"]
[Source "ChessBase"]
[SourceDate "2018.04.19"]
[SourceVersion "1"]
[SourceVersionDate "2018.04.19"]
[SourceQuality "1"]

1. Nf3 d5 2. g3 Bg4 3. Bg2 Nd7 4. 0-0 Ngf6 5. c4 c6 6. cxd5 cxd5 7. Nc3 e6 8. d3 Be7 9. h3 Bxf3 10. Bxf3 0-0 11. Bd2 Qb6 12. Rb1 a5 13. Qa4 Ne5 14. Bg2 Nc6 15. Rfc1 h6 16. Kf1 Bc5 17. Be1 Rfc8 18. Qb5 Qxb5 19. Nxb5 Be7 20. f4 Ne8 21. e4 dxe4 22. dxe4 Nd6 23. Nxd6 Bxd6 24. e5 Bf8 25. Rc4 Nb4 26. Rxc8 Rxc8 27. Bxb7 1-0

[Event "Reykjavik op"]
[Site "Reykjavik"]
[Date "2018.03.10"]
[Round "5"]
[White "Reynolds, D Ian W"]
[Black "Chan, Daniel Roberto"]
[Result "1/2-1/2"]
[WhiteElo "1999"]
[BlackElo "1816"]
[PlyCount "60"]
[EventDate "2018.03.06"]
[EventType "swiss"]
[EventRounds "9"]
[EventCountry "ISL"]
[SourceTitle "CBM 183 Extra"]
[Source "ChessBase"]
[SourceDate "2018.04.19"]
[SourceVersion "1"]
[SourceVersionDate "2018.04.19"]
[SourceQuality "1"]

1. e4 e6 2. d4 d5 3. Nc3 Bb4 4. exd5 exd5 5. Bd3 Nf6 6. Qf3 Be6 7. a3 Be7 8. Nge2 Nc6 9. h3 Qd7 10. Be3 0-0-0 11. Nc1 Rde8 12. b4 Ne4 13. Bxe4 dxe4 14. Qd1 Bf6 15. N3e2 Rd8 16. c3 Ne5 17. Ng3 Nc4 18. Nb3 Nxe3 19. fxe3 Bh4 20. 0-0 Bxg3 21. Nc5 Qd5 22. Qa4 Kb8 23. c4 Qg5 24. Qb5 Qxe3+ 25. Kh1 b6 26. Na6+ Kb7 27. Nc5+ Kb8 28. Na6+ Kb7 29. Nc5+ Kb8 30. Na6+ Kb7 1/2-1/2

[Event "BCF-chT4S 1718 (4NCL)"]
[Site "England"]
[Date "2017.11.12"]
[Round "2.12"]
[White "Reynolds, D Ian W"]
[Black "Smith, Richard W"]
[Result "1/2-1/2"]
[WhiteElo "2015"]
[BlackElo "1928"]
[PlyCount "38"]
[EventDate "2017.11.11"]
[EventType "team-swiss"]
[EventRounds "11"]
[EventCountry "ENG"]
[SourceTitle "EXT 2020"]
[Source "ChessBase"]
[SourceDate "2019.10.17"]
[SourceVersion "1"]
[SourceVersionDate "2019.10.17"]
[SourceQuality "1"]
[WhiteTeam "Iceni"]
[BlackTeam "Throw in the Tal"]
[WhiteTeamCountry "ENG"]
[BlackTeamCountry "ENG"]

1. e4 e5 2. Nf3 Nc6 3. d4 exd4 4. Nxd4 Bc5 5. Nb3 Bb6 6. Nc3 d6 7. Qe2 Be6 8. Be3 Bxe3 9. Qxe3 Nf6 10. 0-0-0 0-0 11. f3 Qe7 12. g4 Rad8 13. g5 Nd7 14. h4 Nb6 15. Nd4 Nxd4 16. Qxd4 a6 17. Nd5 Nxd5 18. exd5 Bf5 19. Rh2 Rfe8 1/2-1/2

[Event "BCF-chT4S 1718 (4NCL)"]
[Site "England"]
[Date "2017.11.11"]
[Round "1.12"]
[White "Gallagher, Charles H"]
[Black "Reynolds, D Ian W"]
[Result "0-1"]
[WhiteElo "1690"]
[BlackElo "2015"]
[PlyCount "56"]
[EventDate "2017.11.11"]
[EventType "team-swiss"]
[EventRounds "11"]
[EventCountry "ENG"]
[SourceTitle "EXT 2020"]
[Source "ChessBase"]
[SourceDate "2019.10.17"]
[SourceVersion "1"]
[SourceVersionDate "2019.10.17"]
[SourceQuality "1"]
[WhiteTeam "Cambridge University III"]
[BlackTeam "Iceni"]
[WhiteTeamCountry "ENG"]
[BlackTeamCountry "ENG"]

1. e4 e5 2. Nf3 Nc6 3. Bc4 Bc5 4. c3 Nf6 5. d4 exd4 6. cxd4 Bb4+ 7. Nc3 Nxe4 8. 0-0 Bxc3 9. bxc3 d5 10. Re1 0-0 11. Bd3 Bf5 12. Qc2 Bg6 13. Bf4 Nd6 14. Bxg6 hxg6 15. Bg5 Qd7 16. h4 Ne4 17. Re3 f6 18. Bf4 Na5 19. Re2 Rfe8 20. Rae1 Nc4 21. Nh2 Qf7 22. Qb1 Nxc3 23. Rxe8+ Rxe8 24. Rxe8+ Qxe8 25. Qxb7 Qe1+ 26. Nf1 Ne2+ 27. Kh2 Nxf4 28. Kg3 Qxf1 0-1

[Event "WLS-ch Seniors"]
[Site "Penarth"]
[Date "2017.09.03"]
[Round "4"]
[White "Davis, Lee"]
[Black "Reynolds, D Ian W"]
[Result "1-0"]
[WhiteElo "1906"]
[BlackElo "2034"]
[PlyCount "43"]
[EventDate "2017.09.01"]
[EventType "swiss"]
[EventRounds "5"]
[EventCountry "WLS"]
[SourceTitle "EXT 2019"]
[Source "ChessBase"]
[SourceDate "2018.10.10"]
[SourceVersion "1"]
[SourceVersionDate "2018.10.10"]
[SourceQuality "1"]

1. d4 Nf6 2. Nf3 d5 3. g3 c5 4. Bg2 cxd4 5. 0-0 Nc6 6. Nxd4 e5 7. Nxc6 bxc6 8. c4 Be6 9. Nc3 Qd7 10. Bg5 d4 11. Qa4 Rc8 12. Bxf6 gxf6 13. Rfd1 f5 14. e3 Bg7 15. exd4 exd4 16. Ne2 c5 17. Qa6 0-0 18. Nf4 Rfe8 19. Rd3 Rb8 20. b3 Rb6 21. Qa5 Be5 22. Qxc5 1-0

[Event "WLS-ch Seniors"]
[Site "Penarth"]
[Date "2017.09.02"]
[Round "2"]
[White "Reynolds, D Ian W"]
[Black "Dixon, Chris"]
[Result "1-0"]
[WhiteElo "2034"]
[BlackElo "1812"]
[PlyCount "77"]
[EventDate "2017.09.01"]
[EventType "swiss"]
[EventRounds "5"]
[EventCountry "WLS"]
[SourceTitle "EXT 2019"]
[Source "ChessBase"]
[SourceDate "2018.10.10"]
[SourceVersion "1"]
[SourceVersionDate "2018.10.10"]
[SourceQuality "1"]

1. e4 d6 2. d4 Nf6 3. Nc3 g6 4. f4 Bg7 5. Nf3 c5 6. dxc5 Qa5 7. Bd3 Qxc5 8. Qe2 0-0 9. Be3 Qa5 10. 0-0 Nc6 11. h3 Nh5 12. Qf2 e5 13. f5 Qd8 14. Nd5 Nf4 15. Nxf4 exf4 16. Bxf4 Bxb2 17. Rad1 Qe7 18. Kh1 Bg7 19. g4 Ne5 20. Qg3 Bd7 21. Bg5 Bf6 22. Bxf6 Qxf6 23. g5 Qe7 24. f6 Qe6 25. Kh2 Nxf3+ 26. Rxf3 Qe5 27. Qxe5 dxe5 28. Bc4 Bc6 29. Bd5 Rac8 30. Rd2 Rfd8 31. Rfd3 Kf8 32. Kg3 Bxd5 33. Rxd5 Re8 34. Rd7 Rc3+ 35. Kg2 Re3 36. Rxb7 Rc8 37. Rc7 Rb8 38. Rdd7 Re2+ 39. Kf3 1-0